01155cam a2200301 4500952015400000999001700154001000800171003000900179005001700188008004100205010001700246020001500263040002800278050002400306082001700330100002500347245010500372260005600477300002600533350001100559490004500570504004100615600002900656830008200685906004500767942001200812987002900824 00102ddc40718NFICaASLbASLcLCd2021-01-11eDonated by Prof. David Luddenl0o181.11 WAHp104035r2021-01-11 00:00:00tC-1w2021-01-11yBKzRARE c20579d205794582930BDDh-ASL20231015025916.0730517s1973 cau b 001 0 eng  a 75170722  a0520021045 aDLCcDLCdDLCdBDDh-ASL00aB5234.M36bW34 197300a181.11bWAH 1 aWakeman, Frederic E.10aHistory and will :bphilosophical perspectives of Mao Tse-tung's thoughtc[by] Frederic Wakeman, Jr. aBerkeley:bUniversity of California Press, c1973.  axvi, 392 p. :c24 cm. a$12.751 aCenter for Chinese Studies. Publications aIncludes bibliographical references.10aMao, Zedong,d1893-1976. 0aPublications (University of California, Berkeley. Center for Chinese Studies) a7bcbccorignewd2encipf19gy-gencatlg 2ddccBK aPINYINbDLCc20020626dc